| 000 | 00705 a2200229 4500 | ||
|---|---|---|---|
| 005 | 20260430105513.0 | ||
| 008 | 260430b |||||||| |||| 00| 0 eng d | ||
| 020 | _a9774380602 (hbk) | ||
| 037 | _cTB | ||
| 040 |
_aAL _cAL |
||
| 041 |
_2ARB _aARB |
||
| 084 |
_aO28,1:g P9 _qAL |
||
| 100 |
_aShahatah, Mohammad Ahmad _9854003 |
||
| 245 | _aSher al-ghazal | ||
| 260 |
_aAlexandria, Egypt: _bAl-maktaba al-jamie al-hadees, _c2010. |
||
| 300 | _a96p. | ||
| 365 |
_b700.00 _cINR |
||
| 650 | _aArabic Literature | ||
| 650 | _aArabic Poetry | ||
| 942 |
_cTB _2CC _hO28,1:g P9 |
||
| 999 |
_c1465777 _d1465777 |
||